Karpaty - Krainy Geograficzne - Statystyki

Ogólne statystyki
  • Ten quiz został rozwiązany 54 razy
  • Średni wynik to 9 z 30
Statystyki odpowiedzi
Obrazkowy Odpowiedź % Poprawnych
Łańcuch Tatrzański
77%
Beskid Niski
55%
Pieniny
55%
Beskid Śląski
45%
Kotlina Sandomierska
45%
Tatry Wysokie
45%
Beskid Wyspowy
41%
Gorce
41%
Tatry Zachodnie
41%
Beskid Mały
36%
Beskid Sądecki
36%
Beskidy Wschodnie
36%
Beskid Żywiecki
36%
Beskidy Zachodnie
32%
Beskid Makowski
27%
Bieszczady Zachodnie
27%
Brama Krakowska
27%
Obniżenie Orawsko-Podhalańskie
27%
Kotlina Oświęcimska
23%
Beskidy Środkowe
18%
Pogórze Dynowskie
18%
Pogórze Środkowobeskidzkie
18%
Pogórze Zachodniobeskidzkie
18%
Kotlina Orawsko-Nowotarska
14%
Kotlina Ostrawska
14%
Podkarpacie Północne
14%
Pogórze Spisko-Gubałowskie
14%
Zewnętrzne Karpaty Zachodnie
14%
Centralne Karpaty Zachodnie
9%
Nizina Nadwiślańska
9%
Nie znaleziono quizów pasujących do podanych kryteriów
Rozkład punktacji
Procent ludzi z każdym wynikiem
Percentyl według liczby udzielonych odpowiedzi
Twoja historia wyników
Nie rozwiązałeś tego quizu